F.R.I.E.N.D.S - Answers Are Places - Statistics

General Stats
  • This quiz has been taken 63 times
  • The average score is 12 of 15
Answer Stats
Question Answer % Correct
What is the fictional street he told Janice he would live in that country? 15 Yemen Road, Yemen
100%
Where did Ross's conference take place in the finale of 9th season? Barbados
100%
What country did Ross come from with Julie (where they met)? China
100%
What country did Chandler lie about having being transferred to so he would get away from Janice? (but ends up actually having to go there) Yemen
100%
Where did six of them plan to travel to for a weekend, but then Phoebe's water broke and they end up not going? Atlantic City
92%
Finish Monica's quote when she failed states game: "Nobody cares about the _______" Dakotas
92%
Where is Mount Tibidabo in Joey's backpacking story? near Barcelona
92%
Where did Pete and Monica's first official date take place? Rome
92%
Where did Ross decide to go and search for Marcel after seeing a capuchin monkey that looks like him in a beer comercial? San Diego
92%
Where did Chandler agree to transfer by mistake, but then has to move there? Tulsa, Oklahoma
92%
Where did Ross and Emily spend a night when they first met and fell in love? Vermont
83%
Where were Ross and Emily supposed to spend their honeymoon, but then Rachel went for vacation there instead? Athens, Greece
67%
What country is David from? Belarus
58%
Where did Phoebe rent a house for a weekend so she could find a woman who later happens to be her biological mother? Montauk
58%
What tropical location did Chandler and Monica spend their honeymoon? Bermuda
25%
No matching quizzes found
Score Distribution
Percent of People with Each Score
Percentile by Number Answered
Your Score History
You have not taken this quiz